Αλβανικαί μελέται : πραγματεία ιστορική και φιλολογική περί της γλώσσης και του έθνους των Αλβανών

Αποθηκεύτηκε σε:
Λεπτομέρειες βιβλιογραφικής εγγραφής
Κύριος συγγραφέας: Κουπιτώρης, Παναγιώτης Δ.
Μορφή: Βιβλίο
Γλώσσα:Greek
Δημοσίευση: Αθήναι : Βιβλιοπωλείο Διονυσίου Νότη Καραβία,
Σειρά:Βιβλιοθήκη ιστορικών μελετών ; ; 161
Θέματα:
Ετικέτες: Προσθήκη ετικέτας
Δεν υπάρχουν, Καταχωρήστε ετικέτα πρώτοι!

MARC

LEADER 00000nam a2200000 i 4500
001 1/78965
008 961021s1981 gre d
035 |l 10004694 
040 |a GR-MY-UA  |b gre  |e aacr 
041 0 |a gre 
082 0 |a 491.991 
100 1 |a Κουπιτώρης, Παναγιώτης Δ. 
245 1 0 |a Αλβανικαί μελέται :  |b πραγματεία ιστορική και φιλολογική περί της γλώσσης και του έθνους των Αλβανών /  |c Παναγιώτου Δ. Κουπιτώρη 
260 |a Αθήναι :   |b Βιβλιοπωλείο Διονυσίου Νότη Καραβία,  
490 1 |a Βιβλιοθήκη ιστορικών μελετών  |v ; 161 
500 |a Ελήφθη εκ του εν Αθήναις εκδιδόμενου μηνιαίου περιοδικού συγγράμματος τομ. Δ., φυλλαδίου Α. του μηνός Μαρτίου 1879 
650 0 0 |a Albanian language. 
651 0 |a Albania  |x History. 
830 0 |a Βιβλιοθήκη ιστορικών μελετών ;  |v ; 161 
852 |a INST  |b LESVOS  |e 19961021  |h 491.991 ΚΟΥ  |p 005100002976  |q 005100002976  |t BK  |y 0 
852 |a INST  |b LESVOS  |e 19961021  |h 491.991 ΚΟΥ  |p 005100008971  |q 005100008971  |t BK  |y 0 
909 |a Λ  |b 006145